000 00803cab a2200217 4500
001 ABS41578
008 090401t1989 xxu||||| |||| 00| 0 eng d
035 _a(Sirsi) u31007
041 _aeng
100 _aFalk, N.
245 _aOn the waterside: the role of planners and consultants in waterside regeneration
260 _c1989
350 _a0
490 _aThe Planner
_v75(24) October 1989, 11-16(6)
520 _aReviews the role of planning in the waterside development of the last two decades looking at their development potential and range of solutions. Details lessons to be learnt from London Docklands , sources of public funding and the role of consultants .
650 _aFINANCE
650 _aURBED
690 _aPLANNING LAW AND PRACTICE
942 _n0
948 _c04/03/1997
999 _c20853
_d20853